[Event "Championnat de France 2012 - Open B"]
[Site "PAU"]
[Date "2012.08.24"]
[Round "10.2"]
[White "Roubert, Emile"]
[Black "Cattaneo, Romain"]
[Result "1-0"]
[WhiteElo "1927"]
[BlackElo "1915"]
[PlyCount "81"]

1. e4 g6 2. d4 Bg7 3. Nc3 d6 4. Be3 a6 5. a4 b6 6. Bc4 Bb7 7. Nf3 e6 8. O-O Nd7
9. Qd2 h6 10. Rad1 Ne7 11. Rfe1 g5 12. h3 Ng6 13. d5 e5 14. Ne2 Nf4 15. Ng3 Nf8
16. Nf5 Rh7 17. Bf1 Bc8 18. g3 N4g6 19. Nxg7+ Rxg7 20. b4 f6 21. c4 h5 22. Nh2
Nf4 23. Bxf4 gxf4 24. Qc3 a5 25. Be2 axb4 26. Bxh5+ Ke7 27. Qb3 Nd7 28. g4 Nc5
29. Qxb4 Rxa4 30. Qc3 Ba6 31. Nf3 Rxc4 32. Qa3 Ra4 33. Qc3 Nxe4 34. Qc2 Nc5 35.
Nh4 Kf8 36. Nf5 Rd7 37. Nh6 Qe7 38. Qg6 Qh7 39. Qe8+ Kg7 40. Nf5+ Qxf5 41. gxf5
1-0

[Event "Championnat de France 2012 - Open B"]
[Site "PAU"]
[Date "2012.08.24"]
[Round "10.3"]
[White "Obert, Julien"]
[Black "Joslin, Jerome"]
[Result "1-0"]
[WhiteElo "1823"]
[BlackElo "1973"]
[PlyCount "81"]

1. e4 e5 2. Nf3 Nc6 3. Bc4 Nf6 4. d4 exd4 5. e5 d5 6. Bb5 Ne4 7. Nxd4 Bd7 8.
Bxc6 bxc6 9. Be3 c5 10. Ne2 d4 11. Bf4 g5 12. Bg3 Nxg3 13. Nxg3 Bc6 14. O-O Qd5
15. f3 O-O-O 16. Re1 g4 17. Nd2 Bh6 18. Nf5 Qe6 19. Nxh6 Qxh6 20. fxg4 Qg6 21.
a4 Rhg8 22. g3 Qe6 23. Ra3 Rxg4 24. Qe2 Rdg8 25. Rf1 R8g5 26. Nf3 Rf5 27. Qa6+
Kd7 28. Qxa7 Qd5 29. Qb8 h5 30. Qh8 Qe4 31. Rd3 Rg6 32. Rf2 Qg4 33. Nxd4 cxd4
34. Rxd4+ Qxd4 35. e6+ fxe6 36. Qxd4+ Rd5 37. Qf4 Rd1+ 38. Rf1 Rxf1+ 39. Qxf1
Rg7 40. Qd3+ Ke7 41. Qc3 1-0

[Event "Championnat de France 2012 - Open B"]
[Site "PAU"]
[Date "2012.08.24"]
[Round "10.4"]
[White "Bombail, Leonard"]
[Black "Brehier, William"]
[Result "1-0"]
[WhiteElo "1885"]
[BlackElo "1852"]
[PlyCount "61"]

1. e4 c5 2. Nc3 e6 3. g3 a6 4. Bg2 Nc6 5. d3 b5 6. f4 Bb7 7. e5 d5 8. exd6 Bxd6
9. Ne4 Nf6 10. Be3 Qe7 11. Nf3 O-O 12. O-O Rfd8 13. Nxf6+ Qxf6 14. Ng5 Rab8 15.
Qh5 Qg6 16. Qxg6 hxg6 17. Ne4 Nd4 18. Rf2 f5 19. Nxd6 Rxd6 20. c3 Bxg2 21. Kxg2
Nc6 22. Bxc5 Rxd3 23. Re2 Kf7 24. Rae1 Re8 25. a4 b4 26. cxb4 Rc3 27. Rd1 Nxb4
28. Rd7+ Kg8 29. Bd4 Rd3 30. Rxg7+ Kf8 31. Be5 1-0

[Event "Championnat de France 2012 - Open B"]
[Site "PAU"]
[Date "2012.08.24"]
[Round "10.5"]
[White "Renaux, Osmin"]
[Black "May, Alexandre"]
[Result "0-1"]
[WhiteElo "1997"]
[BlackElo "1947"]
[PlyCount "58"]

1. Nf3 Nf6 2. b3 d6 3. d4 g6 4. Bb2 Bg7 5. Nbd2 O-O 6. e4 c5 7. Be2 cxd4 8.
Nxd4 Nc6 9. Nxc6 bxc6 10. O-O d5 11. e5 Nd7 12. f4 Nc5 13. Nf3 Rb8 14. Bd4 Qa5
15. a3 Ne6 16. b4 Qc7 17. Be3 Rd8 18. Nd4 Nf8 19. Qd2 f6 20. b5 cxb5 21. Nxb5
Qd7 22. Qa5 a6 23. Nd4 fxe5 24. fxe5 Bxe5 25. Nc6 Qxc6 26. Qxd8 Bf5 27. Qxe7
Bxa1 28. Rxa1 Re8 29. Qg5 Qc3 0-1

[Event "Championnat de France 2012 - Open B"]
[Site "PAU"]
[Date "2012.08.24"]
[Round "10.6"]
[White "Touzeau, Maxime"]
[Black "Bandet, Raphael"]
[Result "0-1"]
[WhiteElo "1954"]
[BlackElo "1925"]
[PlyCount "48"]

1. d4 d5 2. c4 e6 3. Nf3 c5 4. cxd5 exd5 5. g3 Nf6 6. Bg2 Nc6 7. O-O Be7 8.
dxc5 Bxc5 9. Bg5 Be6 10. Nc3 d4 11. Ne4 Be7 12. Nxf6+ Bxf6 13. Bxf6 Qxf6 14. b4
Rd8 15. Qa4 O-O 16. b5 Ne5 17. Nxd4 Rxd4 18. Qxa7 Rd2 19. Rfe1 Bc4 20. Rac1
Rxa2 21. Qxb7 Bxe2 22. Be4 Ng4 23. Rxe2 Rxe2 24. Bf3 Re7 0-1

[Event "Championnat de France 2012 - Open B"]
[Site "PAU"]
[Date "2012.08.24"]
[Round "10.7"]
[White "Ruch, Bernard"]
[Black "Ruhant, Anthony"]
[Result "1/2-1/2"]
[WhiteElo "1950"]
[BlackElo "1912"]
[PlyCount "181"]

1. d4 Nf6 2. Nf3 b6 3. Bf4 Bb7 4. e3 e6 5. Nbd2 Be7 6. Bd3 d6 7. e4 c5 8. e5
Nd5 9. Bg3 cxd4 10. Nxd4 dxe5 11. Bxe5 Bf6 12. Bxf6 Nxf6 13. Bb5+ Nbd7 14. O-O
O-O 15. c3 Nd5 16. Bc6 Bxc6 17. Nxc6 Qc7 18. Nd4 Nc5 19. Qf3 Rad8 20. Ne4 Nxe4
21. Qxe4 Nf6 22. Qe2 Rd5 23. Rad1 Rfd8 24. Nb5 Qd7 25. Rxd5 Nxd5 26. g3 Ne7 27.
Nd4 g6 28. Re1 Nc6 29. Nxc6 Qxc6 30. Rd1 Rxd1+ 31. Qxd1 Qb5 32. b3 Qa5 33. Qc2
e5 34. a4 Qc5 35. h4 f5 36. Qd3 Qc7 37. b4 Qe7 38. a5 Qc7 39. a6 Kf7 40. c4 Ke7
41. Qd5 e4 42. g4 e3 43. gxf5 exf2+ 44. Kf1 gxf5 45. Qg8 Kf6 46. Qg5+ Ke6 47.
Qh6+ Ke5 48. Qe3+ Kf6 49. Qd4+ Kg6 50. Kxf2 Qh2+ 51. Ke1 Qg3+ 52. Kd2 Qh2+ 53.
Kc3 Qg3+ 54. Kb2 Qh2+ 55. Kb3 Qg3+ 56. Ka4 Qc7 57. Qd5 f4 58. Qg8+ Kf6 59. Qg5+
Ke6 60. Qd5+ Ke7 61. Kb3 Kf6 62. Qb7 Qe7 63. Qc6+ Kf5 64. Qc8+ Ke5 65. c5 bxc5
66. bxc5 Qe6+ 67. Qxe6+ Kxe6 68. Kc4 f3 69. Kd3 Kd5 70. Ke3 Kxc5 71. Kxf3 Kb6
72. Kg4 Kxa6 73. Kg5 Kb5 74. Kh6 a5 75. Kxh7 a4 76. h5 a3 77. h6 a2 78. Kg8
a1=Q 79. h7 Qg1+ 80. Kf7 Qd4 81. Kg8 Qg4+ 82. Kh8 Qh5 83. Kg7 Qe5+ 84. Kg8 Qe8+
85. Kg7 Qe7+ 86. Kg8 Qe6+ 87. Kg7 Qe5+ 88. Kg8 Qg5+ 89. Kh8 Qh6 90. Kg8 Qg6+
91. Kh8 1/2-1/2

[Event "Championnat de France 2012 - Open B"]
[Site "PAU"]
[Date "2012.08.24"]
[Round "10.8"]
[White "Noreskal, Slomy"]
[Black "Nobili, Denis"]
[Result "0-1"]
[WhiteElo "1922"]
[BlackElo "1995"]
[PlyCount "56"]

1. e4 e5 2. Nf3 Nc6 3. Bc4 Bc5 4. O-O Nf6 5. b4 Bxb4 6. c3 Be7 7. d4 d6 8. Nbd2
O-O 9. Qc2 Bg4 10. Ba3 exd4 11. Nxd4 Ne5 12. Bb3 c5 13. Nf5 Bxf5 14. exf5 b5
15. c4 a6 16. Rfe1 Re8 17. Rad1 Qc7 18. Bb2 Ned7 19. Nf3 Bf8 20. Qd3 Qb6 21.
Ng5 d5 22. cxb5 c4 23. Bxc4 dxc4 24. Qxc4 Qxb5 25. Qxf7+ Kh8 26. Bxf6 Nxf6 27.
g4 Qb4 28. Rxe8 Qxg4+ 0-1

[Event "Championnat de France 2012 - Open B"]
[Site "PAU"]
[Date "2012.08.24"]
[Round "10.9"]
[White "Baroudel, Hadrien"]
[Black "Gautier, Selvan"]
[Result "0-1"]
[WhiteElo "1929"]
[BlackElo "1949"]
[PlyCount "94"]

1. d4 Nf6 2. c4 g6 3. Nc3 Bg7 4. e4 d6 5. f3 O-O 6. Bg5 Nbd7 7. Qd2 e5 8. d5 a5
9. Bd3 Nc5 10. Nge2 h6 11. Be3 Nfd7 12. O-O-O f5 13. exf5 gxf5 14. Bc2 Qf6 15.
Nb5 Nb6 16. Na3 Bd7 17. Nc3 Nca4 18. Ne2 Rf7 19. f4 Re8 20. Rde1 exf4 21. Bd4
Rxe2 22. Bxf6 Rxd2 23. Bxa4 Bxf6 24. Bxd7 Rf2 25. Be6 Bxb2+ 26. Kd1 Bxa3 27.
Re2 Rxe2 28. Kxe2 Nxc4 29. Rf1 Kg7 30. Bxf7 Kxf7 31. Rxf4 Nb6 32. Rxf5+ Kg6 33.
Rf3 Bc5 34. Rg3+ Kf5 35. Rh3 Nxd5 36. Rxh6 Nc3+ 37. Kf3 Nxa2 38. g4+ Kg5 39.
Rh5+ Kg6 40. h4 Nb4 41. Rg5+ Kf6 42. Rf5+ Ke6 43. Rf8 a4 44. Ra8 Na6 45. Kf4 a3
46. Re8+ Kf7 47. Re2 Nb4 0-1

[Event "Championnat de France 2012 - Open B"]
[Site "PAU"]
[Date "2012.08.24"]
[Round "10.10"]
[White "Le Bail, Arielle"]
[Black "Sauvaget, Franck"]
[Result "1-0"]
[WhiteElo "1876"]
[BlackElo "1949"]
[PlyCount "129"]

1. d4 d5 2. c4 c6 3. cxd5 cxd5 4. Nf3 Nf6 5. Nc3 Nc6 6. Bf4 a6 7. e3 Nh5 8. Bg5
h6 9. Bh4 g5 10. Nd2 Ng7 11. Bg3 Nf5 12. Qb3 Nxg3 13. hxg3 e6 14. Be2 Bd7 15.
a3 b5 16. Bh5 Na5 17. Qd1 Bg7 18. Qf3 O-O 19. O-O Rc8 20. Rac1 Nc4 21. Nxc4
Rxc4 22. Rc2 Qe7 23. Rfc1 Rfc8 24. Qd1 b4 25. axb4 Qxb4 26. Be2 R4c6 27. Ra1
Qb7 28. Ra5 Bf8 29. Qa1 Ra8 30. Qc1 Bb4 31. Ra1 Rac8 32. Bd3 f5 33. f3 Bd6 34.
Qe1 Qc7 35. f4 Bb4 36. Rac1 Qd6 37. Qe2 Be8 38. Kf2 Kg7 39. Na2 Rxc2 40. Rxc2
Rxc2 41. Qxc2 Ba5 42. Qc8 Bb5 43. Bxb5 axb5 44. Qb7+ Qc7 45. Qxb5 Qc2+ 46. Qe2
Qb3 47. Nc1 Qb4 48. Nd3 Qb6 49. Qc2 gxf4 50. gxf4 Qd8 51. Kg1 Qh4 52. b4 Bxb4
53. Qc6 Kf6 54. Qc7 Be7 55. Qe5+ Kf7 56. Qh8 Bf6 57. Qh7+ Kf8 58. Qg6 Ke7 59.
Nf2 Bg5 60. Qh7+ Kf8 61. fxg5 Qxg5 62. Qh8+ Kf7 63. Qe5 h5 64. Nh3 Qh4 65. Kh2
1-0

[Event "Championnat de France 2012 - Open B"]
[Site "PAU"]
[Date "2012.08.25"]
[Round "11.1"]
[White "Roubert, Emile"]
[Black "Peyre, Camille"]
[Result "1-0"]
[WhiteElo "1927"]
[BlackElo "1921"]
[PlyCount "95"]

1. e4 c5 2. Nf3 e6 3. c3 d5 4. exd5 exd5 5. d4 Nc6 6. Bb5 Bd6 7. O-O Nge7 8.
dxc5 Bxc5 9. Nbd2 O-O 10. Nb3 Bd6 11. Nbd4 Qc7 12. h3 Ne5 13. Ba4 a6 14. Bc2
N5g6 15. Re1 b5 16. a3 Bd7 17. Qd3 Qc4 18. Qd1 Rab8 19. Be3 Rfc8 20. Bd3 Qc7
21. Qd2 a5 22. Rac1 Qb7 23. Qe2 Re8 24. Qd2 Rec8 25. h4 b4 26. h5 Nf8 27. Bg5
Ne6 28. Nxe6 Bxe6 29. Nd4 Bg4 30. h6 Ng6 31. Nf5 Bxf5 32. Bxf5 Re8 33. axb4
axb4 34. c4 Be5 35. c5 Qc6 36. f4 Bf6 37. Rxe8+ Rxe8 38. Bxf6 Qxf6 39. Bd7 Re4
40. c6 Rd4 41. Qe3 Re4 42. Qxe4 dxe4 43. c7 Qb6+ 44. Kh1 Nf8 45. c8=Q Qxh6+ 46.
Bh3 Qxf4 47. Qc4 h5 48. Rf1 1-0

[Event "Championnat de France 2012 - Open B"]
[Site "PAU"]
[Date "2012.08.25"]
[Round "11.2"]
[White "Obert, Julien"]
[Black "Bombail, Leonard"]
[Result "0-1"]
[WhiteElo "1823"]
[BlackElo "1885"]
[PlyCount "66"]

1. e4 e5 2. Nf3 Nc6 3. Bc4 Bc5 4. O-O d6 5. c3 Bb6 6. h3 Nf6 7. d3 O-O 8. b4
Ne7 9. Bg5 Ng6 10. Nbd2 h6 11. Be3 c6 12. Re1 Be6 13. Bxe6 fxe6 14. Qb3 Qe8 15.
a4 Qf7 16. a5 Bc7 17. d4 d5 18. exd5 exd5 19. dxe5 Nxe5 20. Nxe5 Bxe5 21. Nf3
Bd6 22. Ra2 Ne4 23. Qc2 a6 24. Rf1 Rae8 25. Nd2 Qf6 26. Nxe4 Rxe4 27. Qd2 Be5
28. Rc2 Bd6 29. Ra2 Qe5 30. g3 Qh5 31. Kg2 Qf3+ 32. Kg1 Bxg3 33. Qe2 Bxf2+ 0-1

[Event "Championnat de France 2012 - Open B"]
[Site "PAU"]
[Date "2012.08.25"]
[Round "11.3"]
[White "May, Alexandre"]
[Black "Bandet, Raphael"]
[Result "1-0"]
[WhiteElo "1947"]
[BlackElo "1925"]
[PlyCount "65"]
[EventDate "2012.??.??"]

1. d4 d5 2. Nf3 e6 3. c4 c5 4. cxd5 exd5 5. g3 Nc6 6. Bg2 Be6 7. O-O Nf6 8. Nc3
b6 9. Ne5 Nxd4 10. e3 Nf5 11. Qa4+ Bd7 12. Nxd7 Qxd7 13. Qxd7+ Nxd7 14. Nxd5
Rc8 15. b3 Bd6 16. Bb2 O-O 17. Bh3 g6 18. e4 Be5 19. Bxe5 Nxe5 20. exf5 Rcd8
21. Ne3 Rd2 22. Rfd1 Rb2 23. Rd5 Re8 24. Rxe5 Rxe5 25. Nc4 Ree2 26. Nxb2 Rxb2
27. fxg6 fxg6 28. Be6+ Kg7 29. Bc4 Kf6 30. a4 Ke5 31. Re1+ Kd4 32. Re7 a6 33.
Rb7 1-0

[Event "Championnat de France 2012 - Open B"]
[Site "PAU"]
[Date "2012.08.25"]
[Round "11.4"]
[White "Cattaneo, Romain"]
[Black "Lebon, Kevin"]
[Result "1-0"]
[WhiteElo "1915"]
[BlackElo "1839"]
[PlyCount "63"]

1. g3 Nf6 2. Bg2 g6 3. d3 Bg7 4. e4 d6 5. Nf3 e5 6. O-O O-O 7. c3 d5 8. Qc2
dxe4 9. dxe4 Qe7 10. Nbd2 Bg4 11. Nc4 Nc6 12. b3 Rfd8 13. Ba3 Qe8 14. Ne3 Be6
15. Ng5 Rd7 16. Rad1 Rad8 17. Nxe6 Qxe6 18. Nd5 Ne8 19. Rfe1 Nd6 20. Bxd6 Qxd6
21. Bh3 f5 22. Ne3 Qf6 23. Rxd7 Rxd7 24. exf5 g5 25. Ng4 Qd6 26. f6 Bf8 27. Qf5
Qd2 28. Qxd7 Qxe1+ 29. Bf1 Qc1 30. Qe6+ Kh8 31. Qf7 Qa3 32. Bc4 1-0

[Event "Championnat de France 2012 - Open B"]
[Site "PAU"]
[Date "2012.08.25"]
[Round "11.5"]
[White "Nobili, Denis"]
[Black "Maiffret, Patrick"]
[Result "1-0"]
[WhiteElo "1995"]
[BlackElo "1935"]
[PlyCount "87"]

1. d4 d6 2. c4 e5 3. Nf3 e4 4. Ng5 f5 5. h4 Nf6 6. Nc3 c6 7. e3 Be7 8. Be2 O-O
9. g3 Na6 10. Kf1 Kh8 11. Kg2 d5 12. Bd2 Nc7 13. Rb1 a5 14. Qb3 Ng4 15. Nh3
dxc4 16. Bxc4 b5 17. Be2 b4 18. Na4 Ba6 19. Bxg4 fxg4 20. Nf4 Rf6 21. Nb6 Rb8
22. Nc4 Bxc4 23. Qxc4 Nd5 24. Rhd1 Qd7 25. Rbc1 Bd8 26. Rc2 Nxf4+ 27. exf4 Bb6
28. Be3 Qd5 29. Qe2 h5 30. b3 Rd8 31. Rc4 c5 32. dxc5 Qxd1 33. Qxd1 Rxd1 34.
cxb6 Rd8 35. Rxe4 Rb8 36. Re5 g6 37. Rxa5 Rc6 38. Rb5 Rc2 39. Rxb4 Rxa2 40. b7
Kg8 41. Bd4 Rd2 42. Be5 Rdd8 43. Bxb8 Rxb8 44. Kf1 1-0

[Event "Championnat de France 2012 - Open B"]
[Site "PAU"]
[Date "2012.08.25"]
[Round "11.7"]
[White "Brehier, William"]
[Black "Ruch, Bernard"]
[Result "1-0"]
[WhiteElo "1852"]
[BlackElo "1950"]
[PlyCount "65"]

1. e4 e6 2. Nf3 d5 3. e5 Be7 4. a3 Nh6 5. b4 O-O 6. d4 Nf5 7. Bd3 b6 8. Qe2 c5
9. c3 cxd4 10. cxd4 Nc6 11. Bb2 f6 12. O-O fxe5 13. dxe5 Bd7 14. Nbd2 Be8 15.
Rac1 Rc8 16. h3 Bg6 17. Nb3 Nh4 18. Nfd4 Bxd3 19. Qxd3 Qd7 20. Qb5 Nxe5 21.
Qxd7 Nxd7 22. Nxe6 Rxc1 23. Rxc1 Rf5 24. Rc7 Kf7 25. Nbd4 Re5 26. g3 Re1+ 27.
Kh2 Rxe6 28. Rxd7 Ng6 29. Nxe6 Kxe6 30. Rxa7 Nf8 31. Bxg7 Nd7 32. f4 Bf6 33.
Rxd7 1-0

[Event "Championnat de France 2012 - Open B"]
[Site "PAU"]
[Date "2012.08.25"]
[Round "11.8"]
[White "Gautier, Selvan"]
[Black "Le Bail, Arielle"]
[Result "1-0"]
[WhiteElo "1949"]
[BlackElo "1876"]
[PlyCount "97"]

1. e4 e6 2. d4 d5 3. Nc3 Bb4 4. e5 c5 5. a3 Bxc3+ 6. bxc3 Qc7 7. Bd2 Ne7 8. h4
Bd7 9. Nf3 Ba4 10. Bd3 Nbc6 11. Qb1 h6 12. h5 c4 13. Be2 O-O-O 14. Ra2 Rd7 15.
Rb2 Qd8 16. Nh4 Qg8 17. Rh3 Qh7 18. Qc1 Rf8 19. Rf3 Ng8 20. Be3 Nce7 21. Qd2
Rdd8 22. Kd1 g5 23. hxg6 fxg6 24. Rb4 Bc6 25. Kc1 g5 26. Rxf8 Rxf8 27. Nf3 Qe4
28. Rb1 Ng6 29. Kb2 Ba4 30. Rh1 Nf4 31. Bxf4 Rxf4 32. Bd1 Qf5 33. Rf1 Qf8 34.
Nh2 Ne7 35. Ng4 Nf5 36. Rh1 Nh4 37. g3 Nf3 38. Bxf3 Rxf3 39. Nf6 Qg7 40. Qe2 g4
41. Rh4 Qc7 42. Rxh6 Qb6+ 43. Kc1 Rxc3 44. Nxd5 Qxd4 45. Rh8+ Kd7 46. Nxc3 Qxc3
47. Qd2+ Qxd2+ 48. Kxd2 Kc6 49. Rg8 1-0

[Event "Championnat de France 2012 - Open B"]
[Site "PAU"]
[Date "2012.08.25"]
[Round "11.9"]
[White "Ruhant, Anthony"]
[Black "Renaux, Osmin"]
[Result "1/2-1/2"]
[WhiteElo "1912"]
[BlackElo "1997"]
[PlyCount "110"]

1. e4 e5 2. Nc3 Nc6 3. Bc4 Nf6 4. d3 Be7 5. f4 O-O 6. Nf3 d6 7. f5 Na5 8. Bb3
c6 9. O-O Nxb3 10. axb3 Qc7 11. Bg5 d5 12. Qe1 d4 13. Ne2 h6 14. Bd2 Kh8 15.
Qg3 Bd6 16. Qh3 Ng8 17. g4 Re8 18. Kf2 Bf8 19. Rg1 f6 20. Qg3 Bd7 21. h4 Re7
22. g5 Be8 23. gxh6 Bh5 24. hxg7+ Rxg7 25. Qh3 c5 26. Rxg7 Bxg7 27. Ng3 Qf7 28.
Nh2 Bh6 29. Bxh6 Nxh6 30. Nxh5 Qxh5 31. Rg1 Rg8 32. Rxg8+ Kxg8 33. Qg3+ Kf7 34.
Kg2 b5 35. Kh3 a5 36. Nf3 Ng8 37. Qg4 Qh6 38. h5 Ne7 39. Nh4 Qc1 40. Qg2 Qh6
41. Qe2 Qc1 42. Ng6 Qh1+ 43. Qh2 Qf3+ 44. Kh4 Ng8 45. Qg1 Nh6 46. Nxe5+ fxe5
47. Qg6+ Ke7 48. Qxh6 Qf2+ 49. Kh3 Qf3+ 50. Kh2 Qf2+ 51. Kh3 Qf3+ 52. Kh4 Qf2+
53. Kg4 Qg2+ 54. Kh4 Qf2+ 55. Kh3 Qf3+ 1/2-1/2

[Event "Championnat de France 2012 - Open B"]
[Site "PAU"]
[Date "2012.08.25"]
[Round "11.10"]
[White "Touzeau, Maxime"]
[Black "Basso, Pierre-Yves"]
[Result "0-1"]
[WhiteElo "1954"]
[BlackElo "1911"]
[PlyCount "62"]

1. d4 e6 2. Nf3 d5 3. c4 Nf6 4. Nc3 Be7 5. Bg5 O-O 6. e3 h6 7. Bh4 b6 8. cxd5
Nxd5 9. Nxd5 exd5 10. Bxe7 Qxe7 11. Qb3 Be6 12. Be2 c5 13. dxc5 bxc5 14. O-O
Nc6 15. Qc3 Rfc8 16. Rfc1 Nb4 17. Qe5 Nc6 18. Qf4 Rab8 19. Ne5 Rxb2 20. Ba6
Nxe5 21. Qxe5 Rcb8 22. a4 R8b4 23. Bb5 c4 24. g3 Qb7 25. e4 Qb6 26. Rf1 d4 27.
Kg2 d3 28. Ra3 Re2 29. Qf4 Rbb2 30. Rc3 Qd4 31. Ra3 Rxe4 0-1